000 00364nam a2200157Ia 4500
008 210210b1959 xxu||||| |||| 00| 0 eng d
041 _aeng
082 _a828/648
100 _aTOYE (H)
245 _aSubaschandra Bose
260 _aBombay
_bJaico Publishing House
_c1959
650 _aSubaschandra
650 _aBose
690 _aBiography
906 _a016494
999 _c136028
_d136028